Història dels Països Catalans / coordinada per A. Balcells
Descripción Física:
3 v. ; 22 cm
MARC
| LEADER | 00000nam a2200000Ia 4500 | ||
|---|---|---|---|
| 001 | 1695, 1696, 1697 | ||
| 008 | 160829s1980 - 1982 xx 000 0 cat d | ||
| 080 | |a H-1-152, H-1-153, H-1-154 | ||
| 245 | |a Història dels Països Catalans / coordinada per A. Balcells | ||
| 250 | |a 2a ed. | ||
| 260 | |a Barcelona : |b Edhasa, |c 1980 - 1982 | ||
| 300 | |a 3 v. ; |c 22 cm | ||
| 590 | |a Conté: v. 1: Dels orígens a 1714; v. 2: Dels orígens a 1714; v. 3: De 1714 a 1975 | ||
| 650 | |a Països Catalans |x Història |9 38007 | ||
| 650 | |a Catalunya |x Història |9 24030 | ||
| 700 | |a Balcells, Albert |e coordinador |9 31713 | ||
| 700 | |a Salrach, Josep M. |9 38009 | ||
| 700 | 1 | |a Duran, Eulàlia |9 38010 | |
| 700 | |a Ardit, Manuel |9 38011 | ||
| 700 | |a Sales, Núria |9 29102 | ||
| 901 | |a Arxiu | ||
| 942 | |n 1 |2 udc | ||
| 952 | |0 0 |1 0 |4 0 |6 H1152_H1153_H1154 |7 1 |9 48201 |a Arxiu |b Arxiu |d 2016-12-01 |l 0 |o H-1-152, H-1-153, H-1-154 |p 1695, 1696, 1697 |r 2016-12-01 00:00:00 |w 2016-12-01 |y ARXIU | ||
| 999 | |c 52007 |d 52007 | ||